Normal view
MARC view
- National Fire Protection Association
Entry Corporate Name
001 - CONTROL NUMBER
- control field: 83233
003 - CONTROL NUMBER IDENTIFIER
- control field: NUST
005 - DATE AND TIME OF LATEST TRANSACTION
- control field: 20211015142120.0
008 - FIXED-LENGTH DATA ELEMENTS
- fixed length control field: 211015|| aca||aabn | a|a d
040 ## - CATALOGING SOURCE
- Original cataloging agency: NUST
- Transcribing agency: NUST
110 ## - HEADING--CORPORATE NAME
- Corporate name or jurisdiction name as entry element: National Fire Protection Association
670 ## - SOURCE DATA FOUND
- Source citation: Work cat.: (NUST)32617: Stauffer, H. Brooke. 83230, Engineer's guide to the National electrical code /, c2008.
